|
|
|
|
| LEADER |
01025nam a22002652ia4500 |
| 001 |
001498759 |
| 003 |
CZ BrMZK |
| 005 |
20160422081052.0 |
| 007 |
ta |
| 008 |
151126m19491950ru af er|||||||||||rus d |
| 040 |
|
|
|a BOA001
|b cze
|e rda
|
| 100 |
1 |
|
|a Borodin, Aleksandr Porfir‘jevič,
|d 1833-1887
|7 jn19990210127
|4 aut
|
| 245 |
1 |
0 |
|a Pis'ma A.P. Borodina /
|c A.P. Borodin ; s primečanijami S.A. Dianina
|
| 264 |
|
1 |
|a Moskva :
|b Muzgiz,
|c 1949-1950
|
| 300 |
|
|
|a 2 svazky, obrazové přílohy :
|b ilustrace
|
| 336 |
|
|
|a text
|b txt
|2 rdacontent
|
| 337 |
|
|
|a bez média
|b n
|2 rdamedia
|
| 338 |
|
|
|a svazek
|b nc
|2 rdacarrier
|
| 505 |
1 |
|
|a vypusk 3. 1878-1882. 1949. 452 stran -- vypusk 4. 1883-1887. 1950. 477 stran
|
| 910 |
|
|
|a BOA001
|b 2-0248.761
|s 3-4
|
| 990 |
|
|
|a BK
|
| 993 |
|
|
|a Y
|
| 991 |
|
|
|b 201511
|
| 996 |
7 |
|
|b 2618730439
|c 2-0248.761
|d Vypusk 4.
|v 4
|l MZK
|r Sklad / do 24 hodin
|n 0
|w 001534010
|u 000020
|a 1
|e BOA001
|j MZK50
|s A
|
| 996 |
7 |
|
|b 2618730440
|c 2-0248.761
|d Vypusk 3.
|v 3
|l MZK
|r Sklad / do 24 hodin
|n 0
|w 001534010
|u 000010
|a 1
|e BOA001
|j MZK50
|s A
|